[Event "Abe Yanofsky mem"]
[Site "Winnipeg CAN"]
[Date "2003.08.29"]
[Round "1"]
[White "Baragar, Fletcher"]
[Black "Tang, Edward"]
[Result "1-0"]
[WhiteElo "2265"]
[BlackElo "1984"]
[PlyCount "73"]
[EventDate "2003.08.29"]
[EventType "swiss"]
[EventRounds "6"]
[EventCountry "CAN"]

1. d4 Nf6 2. c4 g6 3. Nc3 Bg7 4. e4 d6 5. Be2 O-O 6. Bg5 Na6 7. Qd2 e5 8. d5
Qe8 9. Bd3 Nh5 10. Nge2 f5 11. f3 Bd7 12. O-O-O c6 13. dxc6 bxc6 14. Bc2 Be6
15. Bb3 Nc5 16. Qxd6 Nxb3+ 17. axb3 Rf7 18. Qd8 Rb7 19. Qxe8+ Rxe8 20. Kc2 Reb8
21. Rd8+ Rxd8 22. Bxd8 Bh6 23. Rd1 Nf4 24. Nxf4 Bxf4 25. h3 Rd7 26. Rxd7 Bxd7
27. Bc7 fxe4 28. Nxe4 Bf5 29. Bb8 a6 30. Kc3 Kf7 31. Kb4 Ke7 32. Ka5 Bc8 33.
Kb6 Be3+ 34. Kxc6 Bd4 35. Bd6+ Ke6 36. g4 Bd7+ 37. Kc7 1-0

[Event "Abe Yanofsky mem"]
[Site "Winnipeg CAN"]
[Date "2003.08.29"]
[Round "1"]
[White "Deiseach, Donald"]
[Black "Regimbald, Adrien"]
[Result "1/2-1/2"]
[WhiteElo "2122"]
[BlackElo "1847"]
[PlyCount "57"]
[EventDate "2003.08.29"]
[EventType "swiss"]
[EventRounds "6"]
[EventCountry "CAN"]

1. e4 e6 2. d4 d5 3. Nc3 Bb4 4. e5 c5 5. a3 Bxc3+ 6. bxc3 Ne7 7. Nf3 Bd7 8. Bd3
Ba4 9. O-O Qc7 10. Ng5 h6 11. Qh5 g6 12. Qh3 cxd4 13. cxd4 Bxc2 14. Bxc2 Qxc2
15. Be3 Qf5 16. g4 Qd3 17. Qh4 Nbc6 18. Rab1 b6 19. Rfc1 Nxd4 20. Bxd4 Qxd4 21.
Nxf7 Nf5 22. Nd6+ Nxd6 23. exd6 O-O 24. Rc7 Qf4 25. Rbc1 g5 26. Qg3 Qxg3+ 27.
hxg3 Rad8 28. Rxa7 Rxd6 29. Rcc7 1/2-1/2

[Event "Abe Yanofsky mem"]
[Site "Winnipeg CAN"]
[Date "2003.08.29"]
[Round "1"]
[White "Drake, Jason"]
[Black "Cleto, Sam"]
[Result "0-1"]
[WhiteElo "2205"]
[BlackElo "1876"]
[PlyCount "74"]
[EventDate "2003.08.29"]
[EventType "swiss"]
[EventRounds "6"]
[EventCountry "CAN"]

1. e4 g6 2. d4 Bg7 3. Nc3 d6 4. f4 Nf6 5. Nf3 O-O 6. Bd3 b6 7. O-O Bg4 8. h3
Bc8 9. Qe2 Nh5 10. Qf2 c5 11. Be3 cxd4 12. Nxd4 e5 13. Nde2 exf4 14. Bd4 Be5
15. Nd5 Nc6 16. Bc3 g5 17. Bb5 Ne7 18. Qf3 Nxd5 19. exd5 Ng7 20. Bxe5 dxe5 21.
d6 Bd7 22. Bd3 Qc8 23. Be4 Qc5+ 24. Kh2 Rad8 25. Rfd1 Be6 26. Nc3 Rxd6 27. b4
Qxb4 28. Rab1 Qa3 29. Rxd6 Qxd6 30. Nb5 Qe7 31. Qc3 Bf5 32. Re1 Bxe4 33. Rxe4
Re8 34. Qb3 h5 35. Nc3 g4 36. Re1 Qh4 37. Rd1 Qg3+ 0-1

[Event "Abe Yanofsky mem"]
[Site "Winnipeg CAN"]
[Date "2003.08.29"]
[Round "1"]
[White "Eschbach, Ralph"]
[Black "Boehmer, Kris"]
[Result "0-1"]
[WhiteElo "1861"]
[BlackElo "2172"]
[PlyCount "54"]
[EventDate "2003.08.29"]
[EventType "swiss"]
[EventRounds "6"]
[EventCountry "CAN"]

1. d4 d5 2. c4 c6 3. Nf3 Nf6 4. e3 Bf5 5. Nc3 e6 6. Qb3 Qb6 7. Na4 Qxb3 8. axb3
Nbd7 9. c5 Be7 10. b4 a6 11. Nc3 O-O 12. Be2 h6 13. O-O Rfe8 14. Ne5 Nxe5 15.
dxe5 Nd7 16. f4 f6 17. exf6 Bxf6 18. Bh5 Rf8 19. Rd1 a5 20. e4 Bh7 21. Bg4 axb4
22. Bxe6+ Kh8 23. Rxa8 Rxa8 24. Nxd5 cxd5 25. Bxd7 Bxe4 26. Bg4 b3 27. g3 Ra2
0-1

[Event "Abe Yanofsky mem"]
[Site "Winnipeg CAN"]
[Date "2003.08.29"]
[Round "1"]
[White "Greenberg, Harley"]
[Black "Babb, Jeff"]
[Result "0-1"]
[WhiteElo "1851"]
[BlackElo "2149"]
[PlyCount "80"]
[EventDate "2003.08.29"]
[EventType "swiss"]
[EventRounds "6"]
[EventCountry "CAN"]

1. d4 Nf6 2. c4 c5 3. d5 b5 4. cxb5 a6 5. b6 g6 6. g3 d6 7. Bg2 Qxb6 8. Nf3 Bg7
9. Nc3 O-O 10. O-O Nbd7 11. Rb1 a5 12. Re1 Ng4 13. Qc2 Ba6 14. Bg5 h6 15. h3
Nge5 16. Nxe5 Nxe5 17. Bd2 Rfb8 18. Na4 Qa7 19. Bc3 Rb4 20. Kh2 Bb5 21. b3 Bxa4
22. bxa4 Rc4 23. Rb3 Rb8 24. Rc1 Nd7 25. Qd3 Rxa4 26. Qc2 Rc4 27. Qd3 Rxb3 28.
axb3 Rxc3 29. Rxc3 Bxc3 30. Qxc3 Qb6 31. e4 Qb4 32. Qc2 Nb6 33. f4 c4 34. bxc4
Nxc4 35. e5 dxe5 36. d6 exd6 37. f5 Kg7 38. fxg6 fxg6 39. Qf2 Qc5 40. Qf3 d5
0-1

[Event "Abe Yanofsky mem"]
[Site "Winnipeg CAN"]
[Date "2003.08.29"]
[Round "1"]
[White "Haessel, Dale"]
[Black "Nikouline, Alexandre"]
[Result "1-0"]
[WhiteElo "2207"]
[BlackElo "1965"]
[PlyCount "61"]
[EventDate "2003.08.29"]
[EventType "swiss"]
[EventRounds "6"]
[EventCountry "CAN"]

1. c4 e5 2. g3 d6 3. Bg2 g6 4. Nc3 Bg7 5. e4 Nf6 6. Nge2 O-O 7. O-O c6 8. f4
Qb6+ 9. Kh1 Ng4 10. Qe1 f5 11. exf5 Rxf5 12. h3 Rh5 13. Ne4 Nf6 14. Nxf6+ Bxf6
15. fxe5 Bg7 16. exd6 c5 17. g4 Bxg4 18. Ng3 Nc6 19. Nxh5 Bxh5 20. d7 Ne5 21.
Qe4 Rd8 22. Qd5+ Kh8 23. d4 cxd4 24. Bh6 Bf6 25. Rae1 Nxd7 26. Qxd7 g5 27. Qf5
d3 28. Bxg5 Bxg5 29. Qe5+ Bf6 30. Rxf6 Qd4 31. Rf8# 1-0

[Event "Abe Yanofsky mem"]
[Site "Winnipeg CAN"]
[Date "2003.08.29"]
[Round "1"]
[White "Hinds, Ronald"]
[Black "Lipnowski, Irwin"]
[Result "1/2-1/2"]
[WhiteElo "1988"]
[BlackElo "2276"]
[PlyCount "57"]
[EventDate "2003.08.29"]
[EventType "swiss"]
[EventRounds "6"]
[EventCountry "CAN"]

1. e4 c5 2. Nf3 e6 3. d4 cxd4 4. Nxd4 a6 5. Bd3 Nf6 6. O-O d6 7. c4 g6 8. Nc3
Bg7 9. Be3 O-O 10. Be2 Qc7 11. Rc1 b6 12. Qd2 Bb7 13. f3 Nbd7 14. Rfd1 Rfd8 15.
Kh1 Bf8 16. Qe1 Rac8 17. Qf2 Re8 18. Qh4 Bg7 19. Bg5 Qb8 20. Nb3 d5 21. exd5
exd5 22. Bf1 dxc4 23. Bxc4 h6 24. Bxf6 Bxf6 25. Bxf7+ Kg7 26. Qh3 Kxf7 27.
Rxd7+ Re7 28. Rxe7+ Bxe7 29. Re1 1/2-1/2

[Event "Abe Yanofsky mem"]
[Site "Winnipeg CAN"]
[Date "2003.08.29"]
[Round "1"]
[White "Kaptsan, Aron"]
[Black "Khedkar, Jay"]
[Result "1-0"]
[WhiteElo "1993"]
[BlackElo "1858"]
[PlyCount "97"]
[EventDate "2003.08.29"]
[EventType "swiss"]
[EventRounds "6"]
[EventCountry "CAN"]

1. d4 d5 2. c4 e6 3. Nc3 Nf6 4. Bg5 Nbd7 5. e3 c6 6. Nf3 Be7 7. Qc2 O-O 8. Bd3
h6 9. h4 Ng4 10. Bf4 Bf6 11. O-O-O dxc4 12. Bxc4 Nb6 13. Bb3 Nd5 14. Bg3 Qa5
15. Ne4 Be7 16. Qe2 b6 17. Nfd2 f5 18. Nd6 Ba6 19. Bc4 b5 20. Bb3 Rfd8 21. e4
Bxd6 22. exd5 Bxg3 23. dxe6 Nxf2 24. e7+ Kh8 25. exd8=Q+ Rxd8 26. Nf3 b4 27.
Qe6 Bd3 28. Rxd3 Nxd3+ 29. Kb1 Nf4 30. Qxc6 Qb6 31. Qc2 Qf6 32. Rd1 Nd5 33. Qc5
Ne3 34. Rd2 f4 35. h5 Qf5+ 36. Qxf5 Nxf5 37. d5 Nd6 38. Re2 Kg8 39. Re7 Bf2 40.
Ne5 Kf8 41. Ng6+ Kg8 42. Nxf4 Kf8 43. Re2 Bb6 44. Ne6+ Kf7 45. Nxd8+ Bxd8 46.
Bc2 Be7 47. Bg6+ Kf8 48. Kc2 a5 49. Kb3 1-0

[Event "Abe Yanofsky mem"]
[Site "Winnipeg CAN"]
[Date "2003.08.29"]
[Round "1"]
[White "Lipnowski, Michael"]
[Black "Prystenski, Arthur"]
[Result "0-1"]
[WhiteElo "1972"]
[BlackElo "2225"]
[PlyCount "106"]
[EventDate "2003.08.29"]
[EventType "swiss"]
[EventRounds "6"]
[EventCountry "CAN"]

1. d4 e6 2. c4 d5 3. cxd5 exd5 4. Nc3 c6 5. Bf4 Bd6 6. Bg3 Nf6 7. e3 Ne4 8.
Nxe4 dxe4 9. a3 Be6 10. Ne2 O-O 11. Nc3 f5 12. Be2 a5 13. O-O Na6 14. Qc2 Qe7
15. Na4 Bxg3 16. hxg3 Nc7 17. Nc5 Bc8 18. b4 Kh8 19. Qb3 Nd5 20. b5 Be6 21.
Nxe6 Qxe6 22. bxc6 bxc6 23. Rfc1 g5 24. Qa4 Rf6 25. Rc5 f4 26. Rac1 fxe3 27.
fxe3 Nxe3 28. Qxc6 Qxc6 29. Rxc6 Rxc6 30. Rxc6 Nf5 31. d5 Nd4 32. Bg4 Nxc6 33.
dxc6 Ra7 34. Kf2 Kg7 35. Ke3 Kf6 36. Kxe4 Ke7 37. Kd5 a4 38. Kc5 Kd8 39. Bd7
Kc7 40. Kb5 Ra8 41. g4 h6 42. g3 Rb8+ 43. Kxa4 Rb2 44. Ka5 Rb3 45. a4 Rxg3 46.
Kb4 Re3 47. a5 h5 48. a6 Re1 49. gxh5 Rb1+ 50. Kc5 Rh1 51. h6 Rxh6 52. Bc8
Rxc6+ 53. Kb5 Rb6+ 0-1

[Event "Abe Yanofsky mem"]
[Site "Winnipeg CAN"]
[Date "2003.08.29"]
[Round "1"]
[White "Lipnowski, Samuel"]
[Black "Hildebrandt, Peter"]
[Result "1-0"]
[WhiteElo "2099"]
[BlackElo "1538"]
[PlyCount "69"]
[EventDate "2003.08.29"]
[EventType "swiss"]
[EventRounds "6"]
[EventCountry "CAN"]

1. e4 e6 2. d4 d5 3. Nc3 c5 4. exd5 exd5 5. Nf3 c4 6. Be2 Nf6 7. O-O Be7 8. Bf4
a6 9. Ne5 O-O 10. Bf3 Be6 11. Re1 Nbd7 12. Qd2 Rc8 13. Re2 Re8 14. Rae1 Nf8 15.
h3 Ng6 16. Nxg6 hxg6 17. Bg5 Qd7 18. Bxf6 Bxf6 19. Bxd5 Bxd5 20. Nxd5 Rxe2 21.
Nxf6+ gxf6 22. Rxe2 Kg7 23. c3 b5 24. Qe3 Rc6 25. Qe8 Qxe8 26. Rxe8 Re6 27.
Rxe6 fxe6 28. Kf1 g5 29. Ke2 Kg6 30. Ke3 f5 31. f4 Kh5 32. g3 a5 33. d5 exd5
34. fxg5 Kxg5 35. Kd4 1-0

[Event "Abe Yanofsky mem"]
[Site "Winnipeg CAN"]
[Date "2003.08.29"]
[Round "1"]
[White "Mu, Yuchen"]
[Black "Melamedoff, Gustavo"]
[Result "1/2-1/2"]
[WhiteElo "1878"]
[BlackElo "2207"]
[PlyCount "54"]
[EventDate "2003.08.29"]
[EventType "swiss"]
[EventRounds "6"]
[EventCountry "CAN"]

1. e4 e6 2. d4 d5 3. Nc3 Bb4 4. a3 Bxc3+ 5. bxc3 Ne7 6. e5 c5 7. Qg4 Nf5 8. Bd3
h5 9. Qh3 c4 10. Bxf5 exf5 11. Qg3 Rg8 12. Bg5 Qc7 13. Ne2 Be6 14. Nf4 Rh8 15.
Bf6 gxf6 16. Qg7 Rh7 17. Qxh7 Qe7 18. Nxe6 Qxe6 19. Qh8+ Kd7 20. Qxf6 Qxf6 21.
exf6 Ke6 22. Kd2 Kxf6 23. Rae1 Nc6 24. Re3 Rg8 25. Rg3 Rg4 26. Rxg4 fxg4 27.
Rb1 b6 1/2-1/2

[Event "Abe Yanofsky mem"]
[Site "Winnipeg CAN"]
[Date "2003.08.29"]
[Round "1"]
[White "Spraggett, Kevin"]
[Black "Sladek, Vaclav"]
[Result "1-0"]
[WhiteElo "2629"]
[BlackElo "2071"]
[PlyCount "79"]
[EventDate "2003.08.29"]
[EventType "swiss"]
[EventRounds "6"]
[EventCountry "CAN"]

1. e4 d5 2. exd5 Qxd5 3. Nf3 Nf6 4. d4 Qd6 5. Be2 Bg4 6. h3 Bh5 7. O-O e6 8. c4
Be7 9. Nc3 a6 10. Qb3 Qb4 11. Bf4 Qxb3 12. axb3 c6 13. g4 Bg6 14. Ne5 O-O 15.
Nxg6 hxg6 16. Bf3 Rd8 17. Be3 Nbd7 18. Bg2 Rac8 19. f4 Kf8 20. Kf2 Ne8 21. Ke2
Nc7 22. Rad1 Ke8 23. Ne4 Kf8 24. Bf3 Nf6 25. Nf2 Nd7 26. Nd3 f6 27. Bg2 Re8 28.
Kd2 Rcd8 29. Kc2 Rc8 30. Bd2 Bd6 31. Bc3 Rb8 32. Ne5 Bxe5 33. dxe5 Rbd8 34. Ba5
b6 35. Bc3 Ke7 36. Bxc6 Rh8 37. Bxd7 Rxd7 38. exf6+ gxf6 39. Bxf6+ Ke8 40. Bxh8
1-0

[Event "Abe Yanofsky mem"]
[Site "Winnipeg CAN"]
[Date "2003.08.29"]
[Round "1"]
[White "Vincent, Trevor"]
[Black "Olafsson, Helgi"]
[Result "1/2-1/2"]
[WhiteElo "2044"]
[BlackElo "2558"]
[PlyCount "38"]
[EventDate "2003.08.29"]
[EventType "swiss"]
[EventRounds "6"]
[EventCountry "CAN"]

1. c4 e5 2. g3 d6 3. Bg2 g6 4. Nc3 Bg7 5. e4 f5 6. d3 Nf6 7. Nge2 O-O 8. O-O c6
9. h3 a5 10. Be3 Na6 11. Qd2 Bd7 12. f4 exf4 13. Bxf4 Ne8 14. Rae1 Nc5 15. Kh2
fxe4 16. Nxe4 Nxe4 17. Bxe4 Be6 18. Nc3 Nc7 19. Bg2 Bf5 1/2-1/2

[Event "Abe Yanofsky mem"]
[Site "Winnipeg CAN"]
[Date "2003.08.29"]
[Round "2"]
[White "Gustafson, Dale"]
[Black "Eschbach, Ralph"]
[Result "1/2-1/2"]
[WhiteElo "2040"]
[BlackElo "1861"]
[PlyCount "42"]
[EventDate "2003.08.29"]
[EventType "swiss"]
[EventRounds "6"]
[EventCountry "CAN"]

1. e4 e5 2. f4 d5 3. exd5 exf4 4. Nf3 Nf6 5. Bc4 Nxd5 6. Bxd5 Qxd5 7. Nc3 Qe6+
8. Kf2 Be7 9. Re1 Qb6+ 10. d4 Be6 11. Bxf4 O-O 12. Qd2 Nc6 13. Kg1 Rad8 14. Be3
Nxd4 15. Nxd4 c5 16. Na4 Qa6 17. Nxc5 Bxc5 18. c3 Rfe8 19. b4 Bb6 20. a4 Qc4
21. a5 Bxd4 1/2-1/2

[Event "Abe Yanofsky mem"]
[Site "Winnipeg CAN"]
[Date "2003.08.29"]
[Round "2"]
[White "Hellsten, Ole"]
[Black "Greenberg, Harley"]
[Result "1-0"]
[WhiteElo "2006"]
[BlackElo "1851"]
[PlyCount "57"]
[EventDate "2003.08.29"]
[EventType "swiss"]
[EventRounds "6"]
[EventCountry "CAN"]

1. d4 Nf6 2. Nf3 e6 3. e3 b6 4. Bd3 Bb7 5. Nbd2 d5 6. O-O Be7 7. Ne5 Nbd7 8. f4
c5 9. c3 O-O 10. Qf3 Qc7 11. g4 cxd4 12. exd4 Bd6 13. g5 Ne4 14. Nxe4 dxe4 15.
Bxe4 Bxe4 16. Qxe4 Rae8 17. Rf3 f5 18. Qe2 Bxe5 19. fxe5 g6 20. b3 Rf7 21. Ba3
Qc6 22. h4 b5 23. Kf2 Nb6 24. Rh3 Nd5 25. Qf3 Rc8 26. Bc5 a5 27. h5 Kg7 28.
hxg6 hxg6 29. Rah1 1-0

[Event "Abe Yanofsky mem"]
[Site "Winnipeg CAN"]
[Date "2003.08.29"]
[Round "2"]
[White "Khedkar, Jay"]
[Black "Currie, James"]
[Result "1-0"]
[WhiteElo "1858"]
[BlackElo "2017"]
[PlyCount "123"]
[EventDate "2003.08.29"]
[EventType "swiss"]
[EventRounds "6"]
[EventCountry "CAN"]

1. e4 d5 2. exd5 Nf6 3. d4 Nxd5 4. Nf3 Bf5 5. Bc4 e6 6. O-O c5 7. dxc5 Bxc5 8.
Bxd5 Qxd5 9. Qxd5 exd5 10. Re1+ Be6 11. Be3 Bxe3 12. Rxe3 Nc6 13. c3 O-O-O 14.
Nd4 Rhe8 15. Nd2 Nxd4 16. cxd4 Bf5 17. Rae1 Rxe3 18. Rxe3 Kd7 19. f3 a5 20. Kf2
Kc6 21. Rc3+ Kb5 22. Nf1 b6 23. Ne3 Be6 24. Ke2 Rd6 25. g4 Bd7 26. Rc7 Ka6 27.
h4 b5 28. Rc5 Bc6 29. a3 b4 30. axb4 axb4 31. Kd2 Kb6 32. Nc2 b3 33. Ne3 Rf6
34. Ke2 Re6 35. Kf2 Rd6 36. Nf5 Rd8 37. Nxg7 Bb5 38. Nf5 Ra8 39. Nd6 Bd3 40.
Ke3 Bf1 41. Rc3 Bc4 42. Nxc4+ dxc4 43. Rxc4 Kb5 44. Kd3 Re8 45. Rc5+ Kb4 46.
Re5 Rc8 47. g5 Rc6 48. d5 Rc1 49. Re2 Kc5 50. Ke4 Kd6 51. h5 Rh1 52. h6 Rg1 53.
f4 Rc1 54. Rd2 Rc4+ 55. Kf5 Rb4 56. Kg4 Rb7 57. f5 Rb4+ 58. Kg3 Rb7 59. g6 fxg6
60. fxg6 hxg6 61. Kg4 Rb5 62. h7 1-0

[Event "Abe Yanofsky mem"]
[Site "Winnipeg CAN"]
[Date "2003.08.29"]
[Round "2"]
[White "Lipnowski, Irwin"]
[Black "Vincent, Trevor"]
[Result "0-1"]
[WhiteElo "2276"]
[BlackElo "2044"]
[PlyCount "76"]
[EventDate "2003.08.29"]
[EventType "swiss"]
[EventRounds "6"]
[EventCountry "CAN"]

1. c4 c5 2. g3 g6 3. Bg2 Bg7 4. Nc3 Nc6 5. a3 d6 6. Rb1 a5 7. e3 e5 8. Nge2
Nge7 9. d3 O-O 10. O-O f5 11. Nd5 Nxd5 12. Bxd5+ Kh8 13. Nc3 Rb8 14. Bg2 Be6
15. Nd5 Qd7 16. Qa4 Qf7 17. Qb5 g5 18. f4 exf4 19. gxf4 g4 20. Bd2 h5 21. Bxa5
Nxa5 22. Qxa5 b5 23. Qd2 bxc4 24. dxc4 Rb3 25. Rf2 Rfb8 26. Qa5 Bxd5 27. Bxd5
Qe7 28. Re1 Bxb2 29. Rxb2 Rxb2 30. Qc3+ Kh7 31. Qd3 Qf6 32. Bc6 R8b3 33. Qd5
Rxh2 34. Bd7 Rbb2 35. Bxf5+ Kg7 36. Be4 Qh4 37. Qg5+ Qxg5 38. fxg5 Rhe2 0-1

[Event "Abe Yanofsky mem"]
[Site "Winnipeg CAN"]
[Date "2003.08.29"]
[Round "2"]
[White "Lipnowski, Samuel"]
[Black "Baragar, Fletcher"]
[Result "1-0"]
[WhiteElo "2099"]
[BlackElo "2265"]
[PlyCount "59"]
[EventDate "2003.08.29"]
[EventType "swiss"]
[EventRounds "6"]
[EventCountry "CAN"]

1. c4 e5 2. Nc3 d6 3. g3 g6 4. Bg2 Bg7 5. d3 f5 6. Nh3 Nf6 7. O-O O-O 8. Rb1 a5
9. a3 Nc6 10. b4 axb4 11. axb4 h6 12. b5 Ne7 13. f4 Rb8 14. Qd2 Be6 15. Bb2 b6
16. Ra1 Re8 17. Na2 Kh7 18. Nb4 e4 19. Ra7 Qd7 20. Na6 Rbc8 21. Bc3 Bg8 22. Qb2
Nh5 23. Bxg7 Nxg7 24. Nf2 d5 25. dxe4 dxc4 26. Rd1 c3 27. Qxc3 Qxb5 28. Nxc7
Qxe2 29. Bf1 Qh5 30. Qf6 1-0

[Event "Abe Yanofsky mem"]
[Site "Winnipeg CAN"]
[Date "2003.08.29"]
[Round "2"]
[White "Melamedoff, Gustavo"]
[Black "Regimbald, Adrien"]
[Result "1-0"]
[WhiteElo "2207"]
[BlackElo "1847"]
[PlyCount "53"]
[EventDate "2003.08.29"]
[EventType "swiss"]
[EventRounds "6"]
[EventCountry "CAN"]

1. e4 e6 2. d4 d5 3. Nc3 Bb4 4. e5 c5 5. a3 Bxc3+ 6. bxc3 Ne7 7. Nf3 Bd7 8. a4
Nbc6 9. Bd3 Qa5 10. Qd2 f6 11. O-O fxe5 12. dxe5 O-O 13. Re1 Rac8 14. c4 Qc7
15. Qg5 Be8 16. Qg4 Bf7 17. Ng5 h6 18. Nxe6 Bxe6 19. Qxe6+ Rf7 20. cxd5 Nd4 21.
Qd6 Qa5 22. Be3 Rd8 23. Bd2 Qb6 24. Qxb6 axb6 25. d6 Nc8 26. e6 Rf6 27. e7 1-0

[Event "Abe Yanofsky mem"]
[Site "Winnipeg CAN"]
[Date "2003.08.29"]
[Round "2"]
[White "Mu, Yuchen"]
[Black "Deiseach, Donald"]
[Result "1-0"]
[WhiteElo "1878"]
[BlackElo "2122"]
[PlyCount "79"]
[EventDate "2003.08.29"]
[EventType "swiss"]
[EventRounds "6"]
[EventCountry "CAN"]

1. e4 c5 2. Nc3 g6 3. g3 Bg7 4. Bg2 Nc6 5. f4 d6 6. Nge2 Nf6 7. O-O O-O 8. d3
e6 9. h3 a6 10. Be3 Qc7 11. a4 Rb8 12. g4 b5 13. Ng3 b4 14. Nce2 Rd8 15. f5 d5
16. Bg5 h6 17. Bxf6 Bxf6 18. fxg6 Bxb2 19. gxf7+ Kf8 20. Rb1 Be5 21. Qd2 Bg7
22. Nh5 Qe5 23. Nef4 Qg5 24. Nxg7 Qxg7 25. Nh5 Qh8 26. Rf6 Rb7 27. Rbf1 Rdd7
28. exd5 Nd8 29. dxe6 Nxe6 30. Rxe6 Rxf7 31. Rxf7+ Rxf7 32. Qxh6+ Qxh6 33. Rxh6
Ke7 34. Rc6 Rf8 35. Rxc5 Kd6 36. Rd5+ Kc7 37. Rd4 a5 38. Rc4+ Kd6 39. Rd4+ Kc5
40. Rd5+ 1-0

[Event "Abe Yanofsky mem"]
[Site "Winnipeg CAN"]
[Date "2003.08.29"]
[Round "2"]
[White "Nikouline, Alexandre"]
[Black "Drake, Jason"]
[Result "0-1"]
[WhiteElo "1965"]
[BlackElo "2205"]
[PlyCount "82"]
[EventDate "2003.08.29"]
[EventType "swiss"]
[EventRounds "6"]
[EventCountry "CAN"]

1. e4 c5 2. Nf3 e6 3. d4 cxd4 4. Nxd4 Nf6 5. Nc3 Nc6 6. Nxc6 bxc6 7. e5 Nd5 8.
Ne4 Qc7 9. f4 Qb6 10. Bd3 Ba6 11. Qe2 Bxd3 12. Qxd3 Nb4 13. Qe2 Be7 14. h4 f5
15. Ng5 Rb8 16. a3 Qa6 17. Qxa6 Nxa6 18. b3 O-O 19. Be3 Rb7 20. Ke2 Nc7 21.
Rhd1 Nb5 22. Rd2 h6 23. Nf3 a5 24. Bd4 Bxa3 25. Rxa3 Nxa3 26. Bc5 Nb1 27. Rd3
Ra8 28. Kd1 Rb5 29. Bd6 Rd5 30. Nd4 Nc3+ 31. Kc1 Rxd4 32. Rxc3 Rxf4 33. g3 Rg4
34. Rd3 Kf7 35. Bc5 Ke8 36. Kd2 Re4 37. Re3 Rxe3 38. Kxe3 a4 39. Kd3 a3 40. Bd4
a2 41. Ba1 g5 0-1

[Event "Abe Yanofsky mem"]
[Site "Winnipeg CAN"]
[Date "2003.08.29"]
[Round "2"]
[White "Olafsson, Helgi"]
[Black "Hinds, Ronald"]
[Result "1-0"]
[WhiteElo "2558"]
[BlackElo "1988"]
[PlyCount "85"]
[EventDate "2003.08.29"]
[EventType "swiss"]
[EventRounds "6"]
[EventCountry "CAN"]

1. c4 Nf6 2. Nc3 d5 3. cxd5 Nxd5 4. g3 g6 5. Bg2 Nxc3 6. bxc3 Bg7 7. Rb1 c6 8.
Nf3 O-O 9. O-O Qc7 10. Qa4 Nd7 11. Qh4 Nf6 12. c4 Qa5 13. a3 Qh5 14. Qxh5 Nxh5
15. d3 Re8 16. Nd2 Nf6 17. Nb3 Nd7 18. Na5 Rb8 19. Be3 Bc3 20. Nb3 Be5 21. Rfc1
Bd6 22. c5 Bc7 23. Bd2 Rd8 24. Kf1 Nf6 25. Ba5 Rd7 26. Bxc7 Rxc7 27. Na5 Bd7
28. Rc4 Nd5 29. e4 Nf6 30. Rcb4 Bc8 31. d4 e6 32. Nc4 Kf8 33. Ra4 Re7 34. Ne5
Rc7 35. Rxa7 Ne8 36. Ke2 Ke7 37. Ke3 f6 38. Nc4 Kd8 39. Ra4 Re7 40. e5 Kc7 41.
Nd6 fxe5 42. dxe5 Ng7 43. g4 1-0

[Event "Abe Yanofsky mem"]
[Site "Winnipeg CAN"]
[Date "2003.08.29"]
[Round "2"]
[White "Prystenski, Arthur"]
[Black "Cleto, Sam"]
[Result "0-1"]
[WhiteElo "2225"]
[BlackElo "1876"]
[PlyCount "56"]
[EventDate "2003.08.29"]
[EventType "swiss"]
[EventRounds "6"]
[EventCountry "CAN"]

1. d4 Nf6 2. Nf3 e6 3. g3 d5 4. Bg2 Be7 5. O-O O-O 6. c4 c6 7. Nc3 Nbd7 8. Qc2
Re8 9. Rd1 Nf8 10. e4 dxe4 11. Nxe4 Ng6 12. h4 Qa5 13. Bd2 Qf5 14. Nfg5 Nxe4
15. Bxe4 Qg4 16. Kh2 Bxg5 17. Bxg5 e5 18. dxe5 Nxe5 19. Bxh7+ Kh8 20. Be4 Qh3+
21. Kg1 Bf5 22. Qe2 Ng4 23. f3 Qxg3+ 24. Qg2 Qxg2+ 25. Kxg2 Bxe4 26. fxe4 Rxe4
27. Rd7 f6 28. Bd2 Ne5 0-1

[Event "Abe Yanofsky mem"]
[Site "Winnipeg CAN"]
[Date "2003.08.29"]
[Round "2"]
[White "Sladek, Vaclav"]
[Black "Lipnowski, Michael"]
[Result "1-0"]
[WhiteElo "2071"]
[BlackElo "1972"]
[PlyCount "47"]
[EventDate "2003.08.29"]
[EventType "swiss"]
[EventRounds "6"]
[EventCountry "CAN"]

1. d4 Nf6 2. Bg5 e6 3. e4 Be7 4. Bd3 b6 5. Nd2 Bb7 6. Ne2 c5 7. c3 Nc6 8. O-O
O-O 9. a3 Rc8 10. Qe1 d6 11. f4 d5 12. Bxf6 Bxf6 13. e5 Be7 14. Nf3 Re8 15. g4
Na5 16. f5 Bg5 17. Qg3 Nc4 18. Rab1 Ne3 19. h4 Nxf1 20. Rxf1 Be7 21. Nf4 Qd7
22. Nh5 Bf8 23. Ng5 h6 24. Nh7 1-0

[Event "Abe Yanofsky mem"]
[Site "Winnipeg CAN"]
[Date "2003.08.29"]
[Round "2"]
[White "Tang, Edward"]
[Black "Penner, Wesley"]
[Result "0-1"]
[WhiteElo "1984"]
[BlackElo "1749"]
[PlyCount "145"]
[EventDate "2003.08.29"]
[EventType "swiss"]
[EventRounds "6"]
[EventCountry "CAN"]

1. e4 e6 2. d4 d5 3. Nd2 Nf6 4. e5 Nfd7 5. Bd3 c5 6. c3 Nc6 7. Ne2 cxd4 8. cxd4
Be7 9. O-O O-O 10. Nf3 f5 11. exf6 Bxf6 12. Nf4 Re8 13. Nh5 Be7 14. Qd2 g6 15.
Ng3 Bf6 16. h4 Nxd4 17. Nxd4 Bxd4 18. h5 Qf6 19. hxg6 hxg6 20. Bxg6 Bxf2+ 21.
Rxf2 Qxg6 22. Ne2 Nf6 23. Nf4 Qg4 24. Qd3 Ne4 25. Rf3 Bd7 26. Nxd5 exd5 27.
Qxd5+ Qe6 28. Qh5 Re7 29. Rh3 Qf6 30. Rf3 Qg7 31. Bh6 Qg4 32. Qd5+ Be6 33. Qe5
Rae8 34. Raf1 Bf7 35. Qd4 Qg6 36. Rh3 Qb6 37. Be3 Qxd4 38. Bxd4 Re5 39. Bxe5
Rxe5 40. Ra3 a6 41. Re3 Bd5 42. b3 Rg5 43. Rd1 Bc6 44. Rc1 Nf6 45. Re2 Nd5 46.
Rc5 Rg6 47. Re5 Nf4 48. Rg5 Kh7 49. Rxg6 Kxg6 50. Rc2 Kg5 51. Kh2 Nd5 52. Kg3
Nb4 53. Rc5+ Kg6 54. a3 Nd3 55. Rc2 Kf6 56. Kh4 Kg6 57. Kg3 Bd5 58. Rd2 Be4 59.
Re2 Bc6 60. Kg4 Kf6 61. g3 Ne5+ 62. Kh4 Ng6+ 63. Kh3 Bd7+ 64. Kg2 Ne5 65. Rd2
Bc6+ 66. Kh3 Kg5 67. Rf2 Nd3 68. Rd2 Nc5 69. Rb2 Bd7+ 70. Kg2 Kg4 71. b4 Bc6+
72. Kh2 Ne4 73. Rb3 0-1

[Event "Abe Yanofsky mem"]
[Site "Winnipeg CAN"]
[Date "2003.08.30"]
[Round "3"]
[White "Currie, James"]
[Black "Nikouline, Alexandre"]
[Result "0-1"]
[WhiteElo "2017"]
[BlackElo "1965"]
[PlyCount "93"]
[EventDate "2003.08.29"]
[EventType "swiss"]
[EventRounds "6"]
[EventCountry "CAN"]

1. Nf3 Nf6 2. g3 e6 3. d3 d5 4. Bg2 Be7 5. Nbd2 O-O 6. O-O c5 7. e4 Nc6 8. Re1
Qc7 9. a4 b6 10. Qe2 dxe4 11. dxe4 Bb7 12. c3 Rad8 13. h4 Na5 14. e5 Nd5 15. c4
Nb4 16. Ne4 Ba6 17. Nfg5 Qxe5 18. Nxh7 Bxc4 19. Qg4 Qf5 20. Qxf5 exf5 21. Nxf8
fxe4 22. Ng6 fxg6 23. Bxe4 Nd3 24. Bxd3 Rxd3 25. Bf4 Kf7 26. Re4 Bd5 27. Re3
Rxe3 28. fxe3 Bb3 29. g4 Ke6 30. Kg2 Nc4 31. e4 Nd6 32. a5 b5 33. a6 Bf6 34.
Rc1 Bxb2 35. Rxc5 Bc4 36. Rg5 Nxe4 37. Rxg6+ Kd7 38. Be3 Bf7 39. Rh6 gxh6 40.
Bxa7 b4 41. Be3 Kc6 42. Kf3 Bd5 43. Ke2 Bc4+ 44. Kf3 Nc3 45. a7 Kb7 46. g5 hxg5
47. hxg5 0-1